Alive to God through prayer. (Record no. 6695)

000 -LEADER
fixed length control field 00515nam a2200169 a 4500
001 - CONTROL NUMBER
control field :::00004448$&:&@@
003 - CONTROL NUMBER IDENTIFIER
control field OkBaRHE
005 - DATE AND TIME OF LATEST TRANSACTION
control field 20100402131339.0
008 - FIXED-LENGTH DATA ELEMENTS--GENERAL INFORMATION
fixed length control field s1965 j 000 0 eng u
040 ## - CATALOGING SOURCE
Transcribing agency
100 1# - MAIN ENTRY--PERSONAL NAME
Personal name Demaray, Donald E.
245 10 - TITLE STATEMENT
Title Alive to God through prayer.
260 ## - PUBLICATION, DISTRIBUTION, ETC. (IMPRINT)
Place of publication, distribution, etc Grand Rapids, Michigan
Name of publisher, distributor, etc Baker Book House
Date of publication, distribution, etc 1965
300 ## - PHYSICAL DESCRIPTION
Extent 156 p. 19 cm.
942 ## - ADDED ENTRY ELEMENTS (KOHA)
Source of classification or shelving scheme
Koha item type Books
Copies
Date acquired Barcode Lost status Koha item type Source of classification or shelving scheme Shelving location Copy number Withdrawn status Price effective from Full call number Date last seen Not for loan Permanent Location Damaged status
2010-04-144448 Books General Stacks1 2010-04-14BV 210.2 .D43 19832010-04-14 RHEMA Bible Training College